Guía de viaje Arica y Parinacota, Chile: paisaje cultural

Guardat en:
Dades bibliogràfiques
Autor corporatiu: Fundación Altiplano Monseñor Salas Valdés (Autor)
Format: Llibre
Idioma:espanyol
Publicat: Arica Fundación Altiplano Monseñor Salas Valdés 2014
Edició:2a. ed
Matèries:
Etiquetes: Afegir etiqueta
Sense etiquetes, Sigues el primer a etiquetar aquest registre!

MARC

LEADER 00000cam a2200000 a 4500
001 UCE6026
003 CL-VaPUC
008 150319e20140300cl |||||||||||||||||spa|d
082 0 4 |a 910.202  |b FUN  |2 21 
110 2 |a Fundación Altiplano Monseñor Salas Valdés  |e author  |9 578696 
245 1 0 |a Guía de viaje Arica y Parinacota, Chile: paisaje cultural 
250 |a 2a. ed 
300 |a pág. irreg 
942 |c BK 
945 |d 20150319 12:57:00  |a dcastane 
260 |a Arica  |b Fundación Altiplano Monseñor Salas Valdés  |c 2014 
650 0 |a Descripciones y viajes  |9 262159 
650 7 |a GUIAS  |2 CL-VaPUC  |9 578697 
650 0 |a Turismo  |9 308920 
583 |a last modification  |c 20150319 12:57:00  |k Rodrigo Vera 
999 |c 358519  |d 358517 
952 |0 0  |1 0  |3 erb  |4 0  |6 910_202000000000000_FUN_2014  |7 0  |8 R  |9 467280  |a BIBARQ  |b BIBARQ  |i 514213K  |o 910.202 FUN 2014  |p 514213K  |r 2025-01-20  |w 2019-11-23  |y BK_R  |z Catalogado en:20150319  |k ARQ